Antropología visual del cine comunitario en Argentina: reflexiones teórico-metodológicas/
En este texto se describe la experiencia metodológica realizada dentro del proyecto de investigación “El cine que nos empodera: mapeo colectivo, antropología visual y ensayos sobre el cine comunitario del Gran Buenos Aires y Córdoba”. Este trabajo esta organizado en tres etapas que se definen a part...
Gardado en:
| Autor Principal: | |
|---|---|
| Formato: | Libro |
| Idioma: | Spanish |
| Materias: | |
| Etiquetas: |
Engadir etiqueta
Sen Etiquetas, Sexa o primeiro en etiquetar este rexistro!
|
MARC
| LEADER | 00000nam a22000007a 4500 | ||
|---|---|---|---|
| 003 | cru CIDCACS/IIS | ||
| 005 | 20180126103211.0 | ||
| 008 | 180117s2016 ag |||p|r||||||0| ||spa|d | ||
| 999 | |c 40827 |d 40827 | ||
| 040 | |c cru CIDCACS/IIS | ||
| 100 | 1 | |9 6398 |a Molfetta, Andrea | |
| 245 | 1 | |a Antropología visual del cine comunitario en Argentina: |b reflexiones teórico-metodológicas/ |c Andrea Molfetta | |
| 300 | |a páginas 39-59 | ||
| 520 | |a En este texto se describe la experiencia metodológica realizada dentro del proyecto de investigación “El cine que nos empodera: mapeo colectivo, antropología visual y ensayos sobre el cine comunitario del Gran Buenos Aires y Córdoba”. Este trabajo esta organizado en tres etapas que se definen a partir de sus abordajes metodológicos. Los talleres de mapeo colectivo, la entrevista etnográfica y el cine de exploración etnográfica (observación participante y diferida), son las tres técnicas de producción colaborativa de conocimiento que fueron aplicadas en el cine comunitario en estos dos territorios. Se retoman aquí las reflexiones sobre el alcance, la pertinencia y las limitaciones de estas metodologías en relación al estudio de las prácticas del cine, definiendo el texto su posición en relación a una antropología visual del cine. KDV/260118 | ||
| 650 | 4 | |9 4350 |a ANTROPOLOGIA | |
| 650 | 1 | 0 | |9 614 |a CINE |
| 650 | 0 | |9 4615 |a ETNOGRAFIA | |
| 650 | 1 | 0 | |9 2519 |a COMUNIDADES |
| 650 | 4 | |9 1930 |a INVESTIGACION | |
| 650 | 4 | |9 3211 |a METODOLOGIA | |
| 650 | 0 | |9 6504 |a OBSERVACIÓN | |
| 651 | 0 | |9 3346 |a ARGENTINA | |
| 773 | 0 | |0 40462 |9 1731 |a Universidad Nacional de Rosario. |d Rosario, Argentina: La Universidad, |o 18459 |t Revista de la Escuela de Antropología |x 18521576 | |
| 942 | |2 ddc |c PP | ||
